000 00426nam a2200169Ia 4500
008 110201s9999 xx 000 0 und d
082 _bB9404
_aBAL 2245
100 _aJaiswal Rashmi
245 _aSelected Fairy Tales
260 _bAlka Publication Mumbai
365 _b30
600 _aJaiswal Rashmi
630 _aSelected Fairy Tales
700 _aJaiswal Rashmi
730 _aSelected Fairy Tales
942 _cBOOK
999 _c834844
_d834841